000 00507nam a2200181Ia 4500
005 20250326141746.0
008 250326s9999 xx 000 0 und d
037 _aTextbook
040 _aFMSL
_beng
_cFMSL
041 _aeng
_2eng
084 _qFMSL
100 _aDornbusch R
245 0 _aOpen economy : Fools for policy makers developing countries
_cDornbusch R; Helmers F C H
260 _aOxford
_bOxford, University Press
_c1988
300 _a424p
942 _cTB
999 _c1291828
_d1291828